000 00592nam a2200205 a 4500
001 16113
003 CO-ViMGA
008 141112s2004 ck r 000 u spa d
020 _a8476729928
040 _aCO-ViMGA
_bspa
_cCO-ViMGA
082 0 4 _a928 K454c
100 1 _aRilke, Rainer M.
_923040
245 1 0 _aCartas a un joven poeta
260 _aBarcelona (España) :
_bEdicomunicación s.a.1999
300 _a319.p.
590 _aForma de adquisición : Premio - Mincultura
650 1 4 _aCORRESPONDENCIA - MEMORIAS
_923041
650 1 4 _aRILKE, RAINER 1875 - 1926
_923042
942 _2ddc
_cBK
999 _c26038
_d26038